Statistiques concernant Mot mystérieux - Série 12

Cliquez ici pour prendre le quiz!

Statistiques générales

  • Ce quiz a été pris 83 fois
  • Le résultat moyen est 6 sur 10

Statistiques - réponses

IndicesMot% Correct
Patisserie - Rapide - Fermeture - OrageEclair
85%
Forêt - Vincennes - Vert - ExotiqueBois
84%
Parole - Comptant - Monnaie - BourseArgent
83%
Virgule - Vue - Tricot - RelaisPoint
71%
Coton - Match - Golf - FusilBalle
68%
Centre - Dur - Terre - PêcheNoyau
57%
Pâte - Passion - Rouge - RésultatFruit
55%
Honneur - Vision - Action - BléChamp
47%
Taille - Prénom - Blanche - RochePierre
40%
Maison - Cérémonie - Ecole - ChienMaitre
32%

Distribution des résultats

Percentile par nombre de réponses

% des personnes avec chaque résultat

Votre développement - résultats

Vous n’avez pas pris ce quiz